| 000 | 00331nam a2200109Ia 4500 | ||
|---|---|---|---|
| 008 | 181011s9999 xx 000 0 und d | ||
| 100 | _aD.M. Donaldson | ||
| 245 | 4 | _aThe Lost sheep of the People of Israel | |
| 500 | _aBulletin of the Henry MartynSchool of Islamic Studies April - June 1950 | ||
| 650 | _aChristianity | ||
| 942 | _cBR | ||
| 999 |
_c21707 _d21707 |
||